| 000 | 03841cam a2200469 a 4500 | ||
|---|---|---|---|
| 001 | ocm48249066 | ||
| 003 | TZ-ArACH | ||
| 005 | 20210630113029.0 | ||
| 008 | 011025s2002 enk b 001 0 eng | ||
| 010 | _a 2001052682 | ||
| 015 |
_aGBA206701 _2bnb |
||
| 020 |
_a0521013895 _q(pbk.) |
||
| 020 |
_a9780521013895 _q(pbk.) |
||
| 035 | _a(OCoLC)48249066 | ||
| 040 |
_aDLC _beng _cTZ-ArACH |
||
| 049 | _aTZAA | ||
| 050 | 0 | 0 |
_aK967 _b.I58 |
| 110 | 2 |
_aUnited Nations. _bInternational Law Commission. |
|
| 240 | 1 | 0 | _aDraft Articles on the Responsibility of States for Internationally Wrongful Acts |
| 245 | 1 | 4 |
_aInternational Law Commission's articles on state responsibility : _bintroduction, text, and commentaries / _c[compiled by] James Crawford. |
| 260 |
_aCambridge, U.K. ; _aNew York : _bCambridge University Press, _c2002. |
||
| 300 |
_axxxiii, 387 pages ; _c24 cm |
||
| 504 | _aIncludes bibliographical references (pages 368-380) and index. | ||
| 505 | 0 | _aPart one. The internationally wrongful act of a state -- 1. General principles -- 2. Attribution of conduct to a state -- 3. Breach of an international obligation -- 4. Responsibility of a state in connection with the act of another state -- 5. Circumstances precluding wrongfulness -- Part two. Content of the international responsibility of a state -- 1. General principles -- 2. Reparation for injury -- 3. Serious breaches of obligations under peremptory norms of general international law -- Part three. The implementation of the international responsibility of a state -- 1. Invocation of the responsibility of a state -- 2. Countermeasures -- Part four. General provisions. | |
| 520 | _aIn 2001 the International Law Commission completed its work on State responsibility, begun 40 years previously. The Articles on Responsibility of States for Internationally Wrongful Acts marks a major step in the codification and progressive development of international law, comparable in significance to the Vienna Convention on the Law of Treaties. The Articles cover such topics as attributing conduct to the State; defining when there has been a breach of international law and the excuses or justifications for breaches; reparation for injustices, the invocation of responsibility, especially standing of States in the public interest, and the rules relating to countermeasures. The Articles develop basic concepts of international law, in particular peremptory norms and obligations to the international community as a whole. They signal definitively how international law has moved away from a purely bilateral conception of responsibility to accommodate categories of general public interest (human rights, the environment etc.).--Publisher description. | ||
| 610 | 2 | 0 |
_aUnited Nations. _bInternational Law Commission. _tDraft Articles on the Responsibility of States for Internationally Wrongful Acts. |
| 610 | 2 | 7 |
_aUN. International Law Commission. _2unbisn |
| 630 | 0 | 7 |
_aDraft Articles on the Responsibility of States for Internationally Wrongful Acts (United Nations. International Law Commission) _2fast |
| 650 | 0 | _aGovernment liability (International law) | |
| 650 | 6 |
_aEtat _xResponsabilite (Droit international) _915984 |
|
| 650 | 7 | _aDroit international. | |
| 650 | 7 |
_aOrganisation des Nations unies. _2eclas |
|
| 650 | 7 |
_aCommentaires. _2eclas _917488 |
|
| 650 | 7 |
_aGovernment liability (International law) _2fast |
|
| 650 | 1 | 7 |
_aState responsibility _2unbist _97347 |
| 650 | 1 | 7 |
_aInternational law _2unbist |
| 700 | 1 |
_aCrawford, James, _d1948- |
|
| 856 | 4 | 1 |
_3Sample text _uhttp://catdir.loc.gov/catdir/samples/cam041/2001052682.html |
| 856 | 4 | 1 |
_3Table of contents _uhttp://catdir.loc.gov/catdir/toc/cam021/2001052682.html |
| 856 | 4 | 2 |
_3Publisher description _uhttp://catdir.loc.gov/catdir/description/cam022/2001052682.html |
| 942 |
_2lcc _cBOOK |
||
| 999 |
_c3770 _d3770 |
||